| 000 | 00373 a2200145 4500 | ||
|---|---|---|---|
| 999 |
_c12352 _d12352 |
||
| 003 | OSt | ||
| 005 | 20240117124241.0 | ||
| 008 | 240117b ||||| |||| 00| 0 eng d | ||
| 020 | _a9789057680922 | ||
| 082 | _a745.4092 | ||
| 100 | _aRoojen, Pepin van | ||
| 245 | _aGothic patterns = : Muster aus der gotik = Motifs gothiques | ||
| 260 |
_bAgile Rabbit _c2006 |
||
| 942 | _2ddc | ||